Responses for Show #7171 - Monday, November 16, 2015

2015 Tournament of Champions semifinal game 1.

Contestants

[<< previous game]

Dan Feitel, an attorney originally from Gillette, New Jersey

John Schultz, a computer programmer from Ann Arbor, Michigan

Kerry Greene, a volunteer CASA guardian ad litem from Manchester, New Hampshire

[next game >>]

Jeopardy! Round responses

WHICH CAME FIRST?
AMERICAN PLACE NAMES
NURSERY RHYME TIME
SPORTS DYNASTIES
SODA POP QUIZ
(Alex: And finally, I invite you to join me for a visit to...)
THE METROPOLITAN OPERA
    $200 19
the Great Pyramid

Kerry
    $200 4
Virginia

John
    $200 1
Jill's pills

Dan
    $200 14
the Yankees

Dan
    $200 9
7 Up

Dan
    $200 26
(Dan: What is Cleopatra?)

Aida

JohnDan
    $400 20
Superman

Dan
    $400 24
Superior

Dan
    $400 2
Peter Piper's vipers

John
    $400 13
(Dan: Who are the Celtics?)

the Lakers

JohnDan
    $400 15
Canada Dry (ginger ale)

Kerry
    $400 27
La bohème

Kerry
    $600 21
The Rape of the Lock

Dan
    $600 25
Texas

Kerry
    $600 3
Cole's goals

John
    $600 10
soccer

Dan
    $600 16
cream soda

Dan
    $600 28
Wagner

Dan
    $800 22
the Corvette

Triple Stumper
    $1,200 5
(Alex: John?)
(John: What is Hiawatha?)
...
(Alex: Hiawatha was not a woman.)
(John: No.)
(Alex: To my re--to my recollection. Go again, though.)
(John: Sometimes you got to say something.)
[Laughter]

Minnehaha

John
    $800 7
Peep's leaps

Kerry
    $800 11
the Green Bay Packers

Dan
    $800 17
Fanta

John
    $800 29
Turandot

Kerry
    $1000 23
the Underground Railroad

Dan
    $1000 6
(Dan: What is Sandusky?)
(John: What is Steubenburg?)

Steubenville

KerryJohnDan
    $1000 8
(John: What are Sprat's... spats?)

Sprat's cravats

KerryJohn
    $1000 12
(John: Who are the Islanders?)

the Edmonton Oilers

John
Triple Stumper
    $1000 18
(Kerry: What is Crush?)
(Dan: What is Sunkist?)

Squirt

KerryJohnDan
    $1000 30
(Alex: And as we get ready to go into commercial, I do want to thank the wonderful people at the Metropolitan Opera in New York for making our visit so enjoyable. It's always a great thrill for me to go there and record clues.)

The Barber of Seville

Kerry

Scores at the first commercial break (after clue 15):

Kerry John Dan
$3,200 -$2,600 $600

Scores at the end of the Jeopardy! Round:

Kerry John Dan
$5,200 -$600 $3,000

Double Jeopardy! Round responses

SONGS THAT GET STUCK IN YOUR HEAD
HE WAS THE POPE...
LA LITTERATURE FRANCAISE
WHAT A BEAST!
MORTAL MATTERS
"CU" LATER
(Alex: "C-U" will not be at the beginning of the correct response; it'll come later in the word.)
    $400 22
(Alex: [*] is right; it would have more hits if I were doing it, of course.)
[Laughter]

Psy

John
    $400 21
John Paul II

Dan
    $400 30
George Sand

Dan
    $400 27
a porcupine

Kerry
    $400 28
serial killer

John
    $400 15
an abacus

Dan
    $800 7
Kit Kat

Dan
    $3,000 20
(Kerry: Who is Benedict XXVI?)
(Alex: No. We can't accept that because you gave him the wrong number. It's [*]. Sorry about that. You drop to $6,200. Still time--go.)

Benedict XVI

Kerry
    $800 26
The Hunchback of Notre Dame

Kerry
    $800 25
toes

Dan
    $800 29
the lawyers

John
    $800 14
a haircut

John
    $1200 4
Carly Rae Jepsen

Dan
    $1200 19
(Alex: The current pope, yes.)

Francis

Kerry
    $1200 11
belles-lettres

Triple Stumper
    $1200 8
moose (elk accepted)

Dan
    $1200 16
Day of the Dead (or All Souls' Day)

Kerry
    $1200 1
a miscue

Dan
    $1600 5
Rick Astley

Kerry
    $1600 18
John XXIII

Kerry
    $1600 12
Twenty Thousand Leagues Under the Sea

Dan
    $1600 9
(Kerry: What's a... Manx?)

Sphynx

Kerry
Triple Stumper
    $1600 17
a wake

John
    $1600 2
bootcut jeans

Triple Stumper
    $2000 6
"Party In The U.S.A."

Dan
    $2000 23
Julius

John
    $2000 13
Marcel Proust

Triple Stumper
    $4,000 10
(Dan: What is Hereford?)

a Guernsey

Dan
    $2000 24
Sitting Bull

Triple Stumper
    $2000 3
an Australopithecus

Triple Stumper

Scores at the end of the Double Jeopardy! Round:

Kerry John Dan
$7,400 $5,400 $9,000

[wagering suggestions for these scores]

Final Jeopardy! Round responses

CITIES OF THE EUROPEAN UNION
JohnWhat is Hamburg?
$600
KerryWhat is Hamburg?
$5,400
DanWhat is Marseilles?
$5,801
Hamburg, Germany

Final scores:

Kerry John Dan
$12,800 $6,000 $3,199
Finalist 2nd place: $10,000 3rd place: $10,000

Game dynamics:

Coryat scores:

Kerry John Dan
$10,400 $6,600 $13,000
15 R,
3 W
(including 1 DD)
13 R,
4 W
(including 1 DD)
21 R,
5 W
(including 1 DD)

Combined Coryat: $30,000

[game clues] [game scores] [suggest correction]

Game tape date: 2015-10-14
The J! Archive is created by fans, for fans. Scraping, republication, monetization, and malicious use prohibited; this site may use cookies and collect identifying information. See terms. The Jeopardy! game show and all elements thereof, including but not limited to copyright and trademark thereto, are the property of Jeopardy Productions, Inc. and are protected under law. This website is not affiliated with, sponsored by, or operated by Jeopardy Productions, Inc. Join the discussion at JBoard.tv.